[Event "SVK-chT3B2 2223"]
[Site "Slovakia"]
[Date "2022.12.18"]
[Round "4.6"]
[White "Kulich, Pavel"]
[Black "Cernicky, Jan"]
[Result "1/2-1/2"]
[WhiteElo "1292"]
[BlackElo "1483"]
[PlyCount "77"]
[EventDate "2022.10.23"]
[EventType "team-tourn"]
[EventRounds "11"]
[EventCountry "SVK"]
[SourceTitle "EXT 2024"]
[Source "ChessBase"]
[SourceDate "2023.10.10"]
[SourceVersion "1"]
[SourceVersionDate "2023.10.10"]
[SourceQuality "1"]
[WhiteTeam "Povazske Podhradie III"]
[BlackTeam "Dubnica nad Vahom IV"]
[WhiteTeamCountry "SVK"]
[BlackTeamCountry "SVK"]

1. e4 b6 2. Nc3 Bb7 3. d4 e6 4. Nf3 Nf6 5. Bd3 Bb4 6. Qe2 d5 7. e5 Ne4 8. Bd2 Nxd2 9. Qxd2 Ba6 10. a3 Bxc3 11. Qxc3 Bxd3 12. Qxd3 0-0 13. 0-0 Nd7 14. b4 c5 15. c3 f6 16. Rae1 cxb4 17. cxb4 fxe5 18. Nxe5 Nxe5 19. Rxe5 Qf6 20. Qe3 Rae8 21. Rc1 Rf7 22. Rc6 Rfe7 23. b5 Qg6 24. Rc1 h6 25. h3 Rf7 26. Rxd5 exd5 27. Qxe8+ Kh7 28. Qe3 Qf6 29. Rc6 Qf5 30. Qe2 Qb1+ 31. Kh2 Qf5 32. f3 Qf4+ 33. Kh1 Qxd4 34. Qc2+ Kg8 35. Rc8+ Rf8 36. Rxf8+ Kxf8 37. Qf5+ Kg8 38. Qc8+ Kh7 39. Qf5+ 1/2-1/2